Đa dạng tôn giáo với tiến trình xây dựng Cộng đồng Văn hóa - Xã hội ASEAN (ASCC) Sách tham khảo

সংরক্ষণ করুন:
গ্রন্থ-পঞ্জীর বিবরন
প্রধান লেখক: Trần, Thanh Huyền
বিন্যাস: গ্রন্থ
প্রকাশিত: Hà Nội Chính trị Quốc gia 2019
বিষয়গুলি:
ট্যাগগুলো: ট্যাগ যুক্ত করুন
কোনো ট্যাগ নেই, প্রথমজন হিসাবে ট্যাগ করুন!
Thư viện lưu trữ: Trung tâm Học liệu Lê Vũ Hùng, Trường Đại học Đồng Tháp
LEADER 00841pam a22002298a 4500
001 00044765
005 20191010131022.0
008 110521s1998 ||||||Viesd
020 # # |a 9786045748541  |c 74000 
041 0 # |a Vie 
082 1 4 |a 200.959  |b Đ100D 
100 1 # |a Trần, Thanh Huyền 
245 0 0 |b Sách tham khảo  |c Trần Thanh Huyền  |a Đa dạng tôn giáo với tiến trình xây dựng Cộng đồng Văn hóa - Xã hội ASEAN (ASCC) 
260 # # |a Hà Nội  |b Chính trị Quốc gia  |c 2019 
300 # # |a 232 tr.  |c 21 cm. 
653 # # |a Tôn giáo 
653 # # |a Xây dựng 
653 # # |a Đa dạng 
653 # # |a Đông Nam Á 
852 # # |j KD.0026239  |j KM.0033095  |j KM.0033094 
910 # # |d 10/10/2019 
980 # # |a Trung tâm Học liệu Lê Vũ Hùng, Trường Đại học Đồng Tháp